| 000 | 00713nam a22002297a 4500 | ||
|---|---|---|---|
| 003 | OSt | ||
| 005 | 20260423032206.0 | ||
| 008 | 260423b |||||||| |||| 00| 0 eng d | ||
| 020 | _a 0-07-037181-4 | ||
| 040 |
_aDWC-Admin lib _cOC |
||
| 082 | _aCirc. 301 L548h 1987 | ||
| 100 | _aLinski, Gerhard | ||
| 245 |
_aHuman societies : _ban itroduction to macrosociology _cGerhard Linski |
||
| 260 |
_bMcGraw-Hill Book Co., _cc1987. |
||
| 300 |
_a xv, 501 p. : _bill. ; _c24 cm. |
||
| 504 | _aIncludes glossary, notes & indexes. | ||
| 650 | _a1. Social evolution. | ||
| 650 | _a2. Sociology. | ||
| 650 | _a3. Sosical systems - History.. | ||
| 700 | _aLenski, Jean | ||
| 942 |
_2ddc _cBK-CIRC _e5th _hCirc. _n0 |
||
| 999 |
_c9772 _d9772 |
||